000 007340000a22002170004500
090 _aAR
_b01191
245 1 0 _aSobre la presencia de Cyttarops alecto (<Chiroptera: Emballonuridae>) en Colombia
650 1 4 _aMamíferos
_992510
650 1 4 _aMurciélagos
_92659
650 1 4 _aDistribución geográfica
_992997
650 1 4 _aMorfología animal
_99953
650 1 4 _aTaxonomía animal
_98245
651 4 _pColombia
_992749
653 _fEmballonuridae
_gCyttarops
_eCyttarops alecto
041 0 _aEspañol
700 1 _aSoriano M., Pascual J.
_994184
700 1 _aFernández Camacho, Jorge
_994460
100 1 _aOchoa G., José
_912291
942 _cARTICULO
773 1 _tTrianea: Acta Científica y Tecnológica
_3159
_h5
_q411-414
_d1994
999 _c10277
_d10277